Advanced economic theory (Record no. 3482)

000 -LEADER
fixed length control field 00469nam a22002057a 4500
001 - CONTROL NUMBER
control field 3482
003 - CONTROL NUMBER IDENTIFIER
control field BD-DhUET
008 - FIXED-LENGTH DATA ELEMENTS--GENERAL INFORMATION
fixed length control field 0
020 ## - INTERNATIONAL STANDARD BOOK NUMBER
International Standard Book Number 8121902606
040 ## - CATALOGING SOURCE
Transcribing agency 0
Modifying agency BD-DhUET
082 ## - DEWEY DECIMAL CLASSIFICATION NUMBER
Classification number 330.1
Item number AHU/1998
100 ## - MAIN ENTRY--PERSONAL NAME
Personal name Ahuja,H. L.
245 ## - TITLE STATEMENT
Title Advanced economic theory
Remainder of title macroeconomic analysis
250 ## - EDITION STATEMENT
Edition statement 1st ed.
260 ## - PUBLICATION, DISTRIBUTION, ETC. (IMPRINT)
Place of publication, distribution, etc. Dhaka
Name of publisher, distributor, etc. S.Chand
Date of publication, distribution, etc. 1970
300 ## - PHYSICAL DESCRIPTION
Extent 1053p.
504 ## - BIBLIOGRAPHY, ETC. NOTE
Bibliography, etc Includes bibliographies
650 #0 - SUBJECT ADDED ENTRY--TOPICAL TERM
Topical term or geographic name as entry element Microeconomics analysis
942 ## - ADDED ENTRY ELEMENTS (KOHA)
Koha item type General Book
Holdings
Price effective from Koha full call number Piece designation (barcode) Koha normalized classification for sorting Location (home branch) Withdrawn status Damaged status Shelving location Koha item type Date acquired Not for loan Lost status Koha date last seen Sublocation or collection (holding branch) Source of classification or shelving scheme Copy number
2014-11-01330.1/AHU/199893665330_000000000000000_1AHU1998Central Library, BUET  Circulation sectionGeneral Book2014-11-01  2014-11-01Central Library, BUET 1
2014-11-01330.1/AHU/199893667330_000000000000000_1AHU1998Central Library, BUET  Circulation sectionGeneral Book2014-11-01  2017-05-06Central Library, BUET 2
2014-11-01330.1/AHU/199893671330_000000000000000_1AHU1998Central Library, BUET  Circulation sectionGeneral Book2014-11-01  2014-11-01Central Library, BUET 3
2015-06-10330.1/AHU/199893664330_100000000000000_AHU_1998Central Library, BUET  Reading sectionGeneral Book2015-06-10  2015-06-10Central Library, BUET 4